Historialliset henkilöt 3 - Statistics

Yleistilastot
  • Tätä visaa on pelattu 78 kertaa
  • Keskiarvotulos 4 / 16
Vastaustilastot
Kuvavisa Vastaus % Oikein
Napoleon
96%
Leonardo da Vinci
60%
Elisabet I
44%
Otto von Bismarck
38%
Tšingis-kaani
36%
Josip Broz Tito
29%
Muammar Gaddafi
29%
Eva Perón
22%
Nicolae Ceaușescu
22%
Grace Kelly
21%
Nikolaus Kopernikus
15%
Vihtori Kosola
13%
Fredrik Suuri
6%
Shaka zulu
6%
Hammurabi
4%
Louis Daguerre
0%
Ehtoja vastaavia visoja ei löytynyt
Tulosjakauma
Jokaisen tuloksen saaneiden osuus
Persentiili vastausten määrän mukaan
Tuloshistoriasi
Et ole pelannut tätä visaa